Next Two Letters? Quiz Stats

 Plays Quiz Updated Nov 29, 2019

Support Sporcle.
Go Orange.
Score 0/18 Timer 15:00
0 Plays Today
Sequence Next % Correct
ON, TW, TH, FO…FI
89.2%
AP, MA, JU, JU…AU
88.3%
SU, MO, TU, WE…TH
62.6%
OR, YE, GR, BL…IN
42.1%
HY, HE, LI, BE…BO
37.8%
GE, EX, LE, NU…DE
35.3%
ER, HU, MI, ON…SU
30.7%
TE, JA, QU, KI…AC
20.7%
ME, VE, EA, MA…JU
20.7%
Sequence Next % Correct
FI, SE, TH, FO…FI
19.3%
BR, CH, DE, EC…FO
17%
KE, JO, NI, FO…CA
12.7%
KI, PH, CL, OR …FA
11.1%
RU, CA, CH, UN…BR
8.2%
AR, AT, IN, PA…AN or SO
6.3%
PI, CA, FI, SE…TH
4.1%
TA, GE, CA, LE…VI
3.9%
BA, AT, SY, AT…BE
3.3%

You're not logged in!

Compare scores with friends on all Sporcle quizzes.
OR
Log In

From the Vault

TV Theme by First Lyric (A-Z)

by popestcyril

Take your pick at one of these 26 theme songs to get stuck in your head.
Remove Ads.
Support Sporcle.
Get the best of Sporcle when you Go Orange. This ad-free experience offers more features, more stats, and more fun while also helping to support Sporcle. Thank you for becoming a member.

Show Comments

Extras

Top Quizzes Today


Score Distribution

Your Account Isn't Verified!

In order to create a playlist on Sporcle, you need to verify the email address you used during registration. Go to your Sporcle Settings to finish the process.

Report this User

Report this user for behavior that violates our Community Guidelines.

Details: